Los problemas constitucionales de la integración económica latinoamericana
Bewaard in:
| Hoofdauteur: | |
|---|---|
| Formaat: | Boek |
| Taal: | Spaans |
| Gepubliceerd in: |
Caracas
Banco Central de Venezuela
1968
|
| Onderwerpen: | |
| Tags: |
Voeg label toe
Geen labels, Wees de eerste die dit record labelt!
|
MARC
| LEADER | 00000nam a2200000 a 4500 | ||
|---|---|---|---|
| 001 | UCT8562 | ||
| 003 | CL-VaPUC | ||
| 008 | 970326e19680000VE |||||||||||||||||spa|d | ||
| 082 | 0 | 4 | |a 337.1 |b BRE |2 21 |
| 100 | |a Brewer-Carias, Allan Randolph |e autor |9 296121 | ||
| 245 | 1 | 4 | |a Los problemas constitucionales de la integración económica latinoamericana |
| 300 | |a 131 p | ||
| 942 | |c BK | ||
| 945 | |d 19970326 00:00:00 |a paguirre | ||
| 260 | |a Caracas |b Banco Central de Venezuela |c 1968 | ||
| 650 | 0 | |a Integración económica |9 255024 | |
| 650 | 0 | |a Integración regional |9 376371 | |
| 650 | 7 | |a RELACIONES ECONOMICAS INTERNACIONALES |2 CL-VaPUC |9 315315 | |
| 650 | 0 | |a Mercado común |9 378790 | |
| 650 | 0 | |a Acuerdos económicos |9 348030 | |
| 651 | 0 | |a América Latina |9 255027 | |
| 583 | |a last modification |c 19970326 00:00:00 |k Rodrigo Vera | ||
| 999 | |c 257052 |d 257050 | ||
| 952 | |0 0 |1 0 |4 0 |6 337_100000000000000_BRE_1968 |7 0 |8 A |9 280282 |a BIBDER |b BIBDER |d 2019-11-19 |i 1813080 |o 337.1 BRE 1968 |p 1813080 |r 2023-01-25 |w 2019-11-19 |y BK |k DER | ||